000 01137 a2200253 4500
001 57162
005 20260407155834.0
008 260407a2003 arg spa d
003 AR-UNSa-BCEJYS
040 _aAR-UNSa-BCEJYS
_bspa
_cAR-UNSa-BCEJYS
080 _a37
_xEducación. Enseñanza. Formación
245 1 0 _aEstudios de educación
_pun examén desde Platón a Piaget
020 _a84-95294-49-4
264 1 _aBuenos Aires :
_bMiño y Dávila
_c2003
300 _a203 p.
_c21 cm.
505 _a1. Platón. Dialéctica de la elevación y mundo sensible – 2. Aristóteles. Educación y habito – 3. Rousseau. El Emilio y la conquista de la universalidad interior – 4. Piaget. Examen crítico de los motivos piagetianos de la formación moral en el niño – 5. Contribuciones criticas sobre los caminos y posibilidades de la educación hoy
041 _aspa
942 _cBK
590 _aniveau_biblio:m niveau_hierar:0
100 1 _aDi Carlo, Enrique
700 1 _aGamba, Ricardo
700 1 _aBurlastegui, Marisa
856 4 1 _uhttps://biblioeco.unsa.edu.ar/pmb/images/libros/L128732.jpg
_yImagen de portada
_qimage/jpeg
999 _c6154
_d6154